Schwerpunkte der Sigismund-Forschung nach 1945
| Titel: | Schwerpunkte der Sigismund-Forschung nach 1945 |
|---|---|
| Verfasser: | |
| In: |
Das Zeitalter König Sigmunds in Ungarn und im Deutschen Reich, (2000), Seite 9-28 alle Artikel anzeigen |
| Veröffentlicht: | 2000 |
| Format: | Aufsatz |
| Sprache: | Deutsch |
X
alg: 39258253 001A $01999:11-11-16 001B $01999:12-03-21 $t19:06:51.000 001D $01999:11-11-16 001U $0utf8 001X $00 002@ $0Aox 003@ $0392582538 007A $0392582538 $aHEB 007T $0Herd37030 010@ $ager 011@ $a2000 021A $aSchwerpunkte der Sigismund-Forschung nach 1945 028A $#Hoensch, Jörg K. $#Hoensch, Jörg Konrad $#Hoensch, Jörg Konrad Christof $#Hoensch, Jörg $7120367726 $8Hoensch, Jörg K.$Z1935-2001 [Tp1] $909445311X 031A $h9-28 $j2000 039B $aIn $8--Aau--. Das @Zeitalter König Sigmunds in Ungarn und im Deutschen Reich. - Debrecen : Debrecen Univ. Press, 2000. - 218 S.. - ISBN 963-472-451-5 $x200000000000000991 $9100729169 045F $a907.209437 $eDDC23BSB 045F/01 $a907.2 045F/03 $g437 lok: 39258253 78 exp: 39258253 78 1 #EPN 201B/01 $005-07-18 $t23:20:38.000 201U/01 $0utf8 203@/01 $0788680706 208@/01 $a11-11-16 $be 209A/01 $a/ $f000 $x00 220C/01 $aTitelaufnehmer: ek 244Z/01 $2Trx $#Kesk- ja Ida- Euroopa kontseptsioonid $#Vidurio Europos koncepcijos $#East-Central Europe $#Keletközépeurópa-eszmék $#Europa Środkowo-Wschodnia koncepcje $#Európa stredovýchodná koncepcie $#Evropa střední, východní část koncepce $#Mitteleuropa $#Osteuropakonzeptionen $#Europa Środkowa koncepcje $#Stredná Európa koncepcie $#Střední Europa koncepce $8--Trx--Ostmitteleuropakonzeptionen $x01 $9391364286 244Z/01 $aGeschichte 1368-1998 $x02 244Z/01 $#Sigmund$#Siegmund $#Sigismundus $#Sigismundus $#Sigismundus $#Sigismundus Imperator Romae $#Sigmund $#Sigismund $#Sigismund $#Sigismund $#Sigismond $#Zygmunt Luksemburski $#Zikmund Lucemburský $#Zsigmond $#Sigismund $#Siegmund $#Žigmund Luxemburský $#Sigismundus $#Luxemburg, Sigismund von $#Luxemburg, Siegmund von $#Luxemburg, Zikmund von $#Luxemburg, Zsigmond von $#Luksemburški, Žigmund $#Sigismund $#Sigmund $#Sigmund $#Sigismund $#Siegmund $#Sigismundus $7118614185 $8--Tp1--$PSigismund$lHeiliges Römisches Reich, Kaiser$Z1368-1437 $x03 $9086955136 244Z/01 $2Trx $#historiograafia üldine $#istoriografija bendras $#Historiography $#történetírás általános $#historiografia ogólnie $#historiografia všeobecne $#historiografie všeobecně $#Geschichtsschreibung $#dejepis $8--Trx--Historiographie$gallgemein $x04 $9391362593 244Z/01 $2Trx $#uuringute aruanne $#mokslinės ataskaitos $#Research reports $#kutatói beszámolók $#sprawozdania z badań $#správy výskumné $#zprávy výzkumné $#Literaturberichte $#správy literárne $8--Trx--Forschungsberichte $x05 $9391383523 244Z/01 $2Trx $8--Trx--Einzelbeiträge $x06 $9391384570 245Z/01 $a01.04 $x01 247C/01 $82080>Marburg/Lahn, Herder-Institut, Forschungsbibliothek, Bibliographieportal $9336309341
| LEADER | 00000caa a22000002c 4500 | ||
|---|---|---|---|
| 001 | 392582538 | ||
| 003 | DE-603 | ||
| 005 | 20210312190651.0 | ||
| 007 | tu | ||
| 008 | 161111s2000 xx |||| | u00||u|ger c | ||
| 035 | |a (DE-599)HEB392582538 | ||
| 040 | |a DE-603 |b ger |c DE-603 |d DE-603 | ||
| 041 | |a ger | ||
| 082 | 0 | 4 | |8 1\u |a 907.209437 |q DE-101 |2 23/BSB |
| 085 | |8 1\u |b 907.2 | ||
| 085 | |8 1\u |z 2 |s 437 | ||
| 100 | 1 | |a Hoensch, Jörg K. |d 1935-2001 |0 (DE-603)09445311X |0 (DE-588)120367726 |2 gnd | |
| 245 | 0 | 0 | |a Schwerpunkte der Sigismund-Forschung nach 1945 |
| 264 | 0 | |c 2000 | |
| 773 | 0 | 8 | |i In |t Das Zeitalter König Sigmunds in Ungarn und im Deutschen Reich |d Debrecen : Debrecen Univ. Press, 2000 |h 218 S. |z 9634724515 |g (2000), Seite 9-28 |w (DE-603)100729169 |
| 924 | 0 | |9 2080 |a (DE-603)788680706 |b DE-2080 |c HES |d d |g / | |


